[Event "Kragero op"]
[Site "Kragero"]
[Date "2023.02.24"]
[Round "5"]
[White "Oommen, John Samuel"]
[Black "Fossheim, Yngve Goetestam"]
[Result "1/2-1/2"]
[WhiteElo "2055"]
[BlackElo "1980"]
[PlyCount "64"]
[EventDate "2023.02.22"]
[EventType "swiss"]
[EventRounds "9"]
[EventCountry "NOR"]
[SourceTitle "CBM 212 Extra"]
[Source "ChessBase"]
[SourceDate "2023.03.31"]
[SourceVersion "1"]
[SourceVersionDate "2023.03.31"]
[SourceQuality "1"]

1. e4 c5 2. Nc3 Nc6 3. f4 g6 4. Nf3 Bg7 5. Bb5 Nd4 6. 0-0 e6 7. e5 a6 8. Bd3 f5 9. exf6 Nxf3+ 10. Qxf3 Nxf6 11. Be2 d5 12. d3 0-0 13. g4 Ra7 14. Bd2 b6 15. Be1 d4 16. Ne4 Nd5 17. Bd2 e5 18. Qg3 exf4 19. Bxf4 Raf7 20. Bd2 Qe8 21. Rxf7 Rxf7 22. Rf1 Be5 23. Qh4 Rxf1+ 24. Bxf1 Bb7 25. Bg2 Bc6 26. c4 Nb4 27. Bxb4 Bxe4 28. Bxe4 cxb4 29. Qh6 Qe7 30. Qd2 Qf8 31. Kg2 Kg7 32. Qg5 Qf6 1/2-1/2

[Event "EU-ch Hybrid U16"]
[Site "Tornelo INT"]
[Date "2021.10.15"]
[Round "5"]
[White "Oommen, John Samuel"]
[Black "Guler, Muhammed Talha"]
[Result "1/2-1/2"]
[WhiteElo "1840"]
[BlackElo "1802"]
[PlyCount "62"]
[EventDate "2021.10.15"]
[EventType "swiss"]
[EventRounds "9"]
[EventCountry "NET"]
[SourceTitle "EXT 2023"]
[Source "ChessBase"]
[SourceDate "2022.10.05"]
[SourceVersion "1"]
[SourceVersionDate "2022.10.05"]
[SourceQuality "1"]
[WhiteTeam "Norway"]
[BlackTeam "Turkey"]
[WhiteTeamCountry "NOR"]
[BlackTeamCountry "TUR"]

1. e4 c5 2. Nf3 e6 3. g3 Nc6 4. Bg2 g6 5. d4 Bg7 6. d5 Nd4 7. c3 Nxf3+ 8. Qxf3 e5 9. 0-0 d6 10. Qe2 Nh6 11. f4 f6 12. Nd2 0-0 13. Nf3 Nf7 14. Be3 Bd7 15. a4 Qe8 16. fxe5 Nxe5 17. Nxe5 fxe5 18. Rxf8+ Bxf8 19. a5 Be7 20. c4 b5 21. axb6 axb6 22. Qd1 b5 23. cxb5 Rxa1 24. Qxa1 Qb8 25. Bf1 Bxb5 26. Bxb5 Qxb5 27. Qa8+ Kg7 28. Qa7 Kf8 29. Qa8+ Kg7 30. Qa7 Kf8 31. Qa8+ Kg7 1/2-1/2

[Event "Kragero Sept op"]
[Site "Kragero"]
[Date "2020.09.05"]
[Round "4"]
[White "Ingebretsen, Jens E"]
[Black "Oommen, John Samuel"]
[Result "1-0"]
[WhiteElo "2197"]
[BlackElo "1779"]
[PlyCount "55"]
[EventDate "2020.09.04"]
[EventType "swiss"]
[EventRounds "6"]
[EventCountry "NOR"]
[SourceTitle "CBM 198 Extra"]
[Source "ChessBase"]
[SourceDate "2020.11.30"]
[SourceVersion "1"]
[SourceVersionDate "2020.11.30"]
[SourceQuality "1"]

1. c4 Nf6 2. Nc3 e6 3. e4 d6 4. d4 b6 5. Bd3 Nbd7 6. Nge2 c5 7. d5 Ne5 8. 0-0 Be7 9. Bb1 Bd7 10. b3 a6 11. f4 Ng6 12. dxe6 fxe6 13. e5 dxe5 14. Bxg6+ hxg6 15. fxe5 Ng4 16. Qc2 Nxe5 17. Bf4 Bf6 18. Bxe5 Bxe5 19. Qxg6+ Ke7 20. Rf7+ Kd6 21. Rd1+ Kc7 22. Rdxd7+ Qxd7 23. Rxd7+ Kxd7 24. Qf7+ Kc6 25. Qxe6+ Bd6 26. Ne4 Rad8 27. Nf4 Rh6 28. Qd5+ 1-0

[Event "Kragero Sept op"]
[Site "Kragero"]
[Date "2020.09.05"]
[Round "3"]
[White "Oommen, John Samuel"]
[Black "Olsen, Robin"]
[Result "1-0"]
[WhiteElo "1779"]
[BlackElo "2030"]
[PlyCount "81"]
[EventDate "2020.09.04"]
[EventType "swiss"]
[EventRounds "6"]
[EventCountry "NOR"]
[SourceTitle "CBM 198 Extra"]
[Source "ChessBase"]
[SourceDate "2020.11.30"]
[SourceVersion "1"]
[SourceVersionDate "2020.11.30"]
[SourceQuality "1"]

1. e4 c6 2. Nc3 d5 3. Nf3 g6 4. d3 Bg7 5. Bf4 Nf6 6. g3 Bg4 7. h3 Bxf3 8. Qxf3 0-0 9. Bg2 e6 10. 0-0 Nbd7 11. Bd6 Re8 12. e5 Nh5 13. g4 Bxe5 14. Bxe5 Nxe5 15. Qe2 Nxd3 16. Qxd3 Nf4 17. Qf3 e5 18. Ne2 g5 19. Nxf4 gxf4 20. c4 d4 21. Qd3 Qg5 22. Be4 h6 23. Kg2 Kg7 24. Rh1 Kf6 25. Rag1 h5 26. Kf3 h4 27. Qe2 Ke7 28. b4 Rab8 29. a4 f6 30. Bd3 Kd7 31. Qe4 Re7 32. Rb1 Kc7 33. c5 Qg8 34. Qf5 Qg5 35. b5 Qxf5 36. gxf5 cxb5 37. axb5 Rg8 38. Rhg1 Reg7 39. Rg6 Rxg6 40. fxg6 a5 41. Kg4 1-0

[Event "NOR-chT Club"]
[Site "Drammen"]
[Date "2019.05.31"]
[Round "2.13"]
[White "Oommen, John Samuel"]
[Black "Wister, Tom R"]
[Result "1/2-1/2"]
[WhiteElo "1392"]
[BlackElo "1837"]
[PlyCount "109"]
[EventDate "2019.05.30"]
[EventType "team-swiss"]
[EventRounds "6"]
[EventCountry "NOR"]
[SourceTitle "CBM 190 Extra"]
[Source "ChessBase"]
[SourceDate "2019.07.15"]
[SourceVersion "1"]
[SourceVersionDate "2019.07.15"]
[SourceQuality "1"]
[WhiteTeam "Kristiansand II"]
[BlackTeam "Kirkegata"]
[WhiteTeamCountry "NOR"]
[BlackTeamCountry "NOR"]

1. e4 e6 2. d4 d5 3. Nc3 Bb4 4. Bd3 c5 5. Be3 dxe4 6. Bxe4 Nf6 7. Bf3 cxd4 8. Qxd4 Qxd4 9. Bxd4 Nbd7 10. a3 Bc5 11. Nge2 0-0 12. 0-0-0 Bxd4 13. Nxd4 Ne5 14. Ne4 Nd5 15. Be2 Bd7 16. g3 Rac8 17. Nd6 Rc7 18. f4 Ng6 19. h4 Nge7 20. Bd3 a6 21. h5 h6 22. Rde1 Nc6 23. Nf3 b5 24. Ne5 Nxe5 25. fxe5 b4 26. axb4 Nxb4 27. Re3 Ba4 28. Rh2 Rc5 29. Kb1 Nxd3 30. cxd3 Rb8 31. Rf2 Rc7 32. Ref3 Be8 33. g4 Kf8 34. Rg3 Rb4 35. Rc2 Rxc2 36. Kxc2 Rf4 37. Kc3 f6 38. d4 Bc6 39. Nc4 Rf3+ 40. Rxf3 Bxf3 41. Ne3 Kf7 42. Kb4 fxe5 43. dxe5 g6 44. hxg6+ Kxg6 45. Kc5 Kg5 46. Kd6 Kf4 47. Nc2 Bxg4 48. Nd4 h5 49. Nxe6+ Bxe6 50. Kxe6 h4 51. Kd6 h3 52. e6 h2 53. e7 h1Q 54. e8Q Qd1+ 55. Kc5 1/2-1/2

[Event "NOR-chT Club"]
[Site "Drammen"]
[Date "2019.05.30"]
[Round "5"]
[White "Aure, Anders Nilsson"]
[Black "Oommen, John Samuel"]
[Result "1-0"]
[WhiteElo "1783"]
[BlackElo "1392"]
[PlyCount "79"]
[EventDate "2019.05.30"]
[EventType "team-swiss"]
[EventRounds "6"]
[EventCountry "NOR"]
[SourceTitle "CBM 190 Extra"]
[Source "ChessBase"]
[SourceDate "2019.07.15"]
[SourceVersion "1"]
[SourceVersionDate "2019.07.15"]
[SourceQuality "1"]
[WhiteTeam "Konnerud"]
[BlackTeam "Kristiansand II"]
[WhiteTeamCountry "NOR"]
[BlackTeamCountry "NOR"]

1. c4 e5 2. Nc3 Nf6 3. g3 Bb4 4. Bg2 c6 5. Nf3 d6 6. 0-0 0-0 7. d3 h6 8. Bd2 Ba5 9. Rb1 Be6 10. b4 Bc7 11. Qc2 Nbd7 12. Rfc1 a6 13. a4 d5 14. cxd5 cxd5 15. b5 Rc8 16. Qb2 Qe7 17. Rc2 d4 18. Na2 Bd6 19. Rxc8 Rxc8 20. bxa6 bxa6 21. Rc1 Rb8 22. Qa1 Nc5 23. Rc2 Bb3 24. Rb2 Nxa4 25. Rb1 Bxa2 26. Rxb8+ Bxb8 27. Qxa2 Qd7 28. Qc4 Qb5 29. Qc8+ Ne8 30. Nxe5 Qxe5 31. Bc6 Nb6 32. Qxe8+ Qxe8 33. Bxe8 Kf8 34. Bc6 Bc7 35. Bb7 a5 36. Bxa5 Na8 37. Bxa8 Bxa5 38. Bd5 Be1 39. Be4 Bxf2+ 40. Kxf2 1-0